000 01043nam0a22002531 4500
001 rc\999359
005 20260406122716.0
035 _a(NLR Aleph) 006165812
090 _a5911731
_c5911731
100 _a20041129d1981 |||y0rusy50 ca
101 0 _arus
102 _aRU
105 _aa |||||||||
200 1 _aСильные и слабые утверждения в ядерной спектроскопии и теории ядра
_e[Сб. статей]
_fАН СССР, Науч. совет по ядер. спектроскопии
_g[Отв. ред. В.П. Приходцева]
210 _aЛ.
_cНаука. Ленингр. отд-ние
_d1981
215 _a173 с.
_cил.
_d26
320 _aБиблиогр. в конце статей
702 1 _aПриходцева
_bВ.П.
_4340
712 0 2 _aАН СССР
_bНаучный совет по ядерной спектроскопии
_3RU\NLR\AUTH\8815368
_9303946
801 0 _aRU
_bNLR
_gpsbo
801 1 _aRU
_bELAR
_2rusmarc
852 _aNLR
_j82-7/471
942 _cBOOK
980 _aNB